Logo BPK

Biblioteka

Politechniki Koszalińskiej

The Age of Chivalry : (Rekord nr 47492)

Szczegóły MARC
000 -ETYKIETA REKORDU
podpole kontrolne o stałej długości 00511nam a2200193 i 4500
001 - NUMER KONTROLNY REKORDU
pole kontrolne bgj
040 ## - ŹRÓDŁO KATALOGOWANIA
Instytucja, która utworzyła rekord BPK
041 0# - KOD JĘZYKA
Kod języka tekstu eng
008 - POLE O STAŁEJ DŁUGOŚCI - DANE KONTROLNE
podpole kontrolne o stałej długości s uk f |000 0 eng
100 1# - NAZWA OSOBOWA
Nazwa osobowa BRYANT, Arthur.
245 10 - TYTUŁ/ODPOWIEDZIALNOŚĆ
Tytuł The Age of Chivalry :
Ciąg dalszy tytułu the Atlantic saga /
Pozostałe elementy strefy tytułu i oznaczenia odpowiedzialności Sir Arthur Bryant.
260 ## - STREFA ADRESU WYDAWNICZEGO
Miejsce wydania New York :
Nazwa wydawcy/dystrybutora New American Library,
Data publikacji, dystrybucji/powstania dokumentu 1970.
300 ## - STREFA OPISU FIZYCZNEGO
Objętość 576 pp ;
Rozmiary 21 cm.
490 1# - STREFA SERII I DOKUMENTU WIELOCZĘŚCIOWEGO - FORMA NIE DO WYSZUKIWANIA
Tytuł i oznaczenie odpowiedzialności serii Plume Books
505 ## - SFORMALIZOWANA UWAGA DOTYCZĄCA ZAWARTOŚCI
Pełny tekst uwagi Includes index.
650 #9 - HASŁO PRZEDMIOTOWE W FORMIE NAZWY OGÓLNEJ LUB JEDNOSTKOWEJ
Nazwa ogólna lub geograficzna Great Britain
Określnik ogólny History
830 ## - HASŁO DODATKOWE SERII LUB DOKUMENTU WIELOCZĘŚCIOWEGO - TYTUŁ UJEDNOLICONY
Tytuł ujednolicony Plume Books
856 ## - LOKALIZACJA I DOSTĘP DO ELEKTRONICZNYCH DOKUMENTÓW ZDALNYCH
Link (URL) http://koha.tu.koszalin.pl/cgi-bin/koha/opac-detail.pl?biblionumber=47492
Tekst linku Katalog online BPK
942 ## - DODATKOWE ELEMENTY (KOHA)
Typ dokumentu Książka
Egzemplarze
Wycofany Status egzemplarza Uszkodzony Dostępność Lokalizacja stała Lokalizacja bieżąca Miejsce przechowywania Sygnatura Kod kreskowy Typ dokumentu
      Tylko na miejscu Biblioteka Politechniki Koszalińskiej Biblioteka Politechniki Koszalińskiej Czytelnia Wydziałowa ul. Kwiatkowskiego 6e KA 3852 09019485 Książka
© 2023 Biblioteka Politechniki Koszalińskiej :: KOHA